| Tag |
First Indicator |
Second Indicator |
Subfields |
| LEADER |
00000cam a2200000 4500 |
| 001 |
in00000603721 |
| 005 |
20151014092719.0 |
| 008 |
801001s1952 uy a 00010 spa |
| 010 |
|
|
|a 53020171
|
| 035 |
|
|
|a (OCoLC)06777109
|
| 035 |
|
|
|9 ACQ9582AM
|
| 040 |
|
|
|a DLC
|c NOC
|d TXA
|d UtOrBLW
|
| 049 |
|
|
|a TXAM
|c [A10906051]
|
| 050 |
0 |
0 |
|a HD9424.U8
|b B38
|
| 100 |
1 |
|
|a Bauza, Ernesto A.
|
| 245 |
1 |
0 |
|a Abasto de carnes /
|c dr. Ernesto A. Bauza.
|
| 264 |
|
1 |
|a Montevideo :
|b [publisher not identified],
|c 1952.
|
| 300 |
|
|
|a 326 pages :
|b illustrations ;
|c 25 cm.
|
| 336 |
|
|
|a text
|b txt
|2 rdacontent
|
| 337 |
|
|
|a unmediated
|b n
|2 rdamedia
|
| 338 |
|
|
|a volume
|b nc
|2 rdacarrier
|
| 490 |
1 |
|
|a Problemas nacionales ;
|v v. 1
|
| 500 |
|
|
|a "Sintesis de la actuacion del Dr. Ernesto A. Bauza en el terreno intelectual, docente, administrativo, parlamentario, industrial, comercial, cultural, etc., 1899-1949" inserted at beginning.
|
| 650 |
|
0 |
|a Meat industry and trade
|z Uruguay.
|
| 830 |
|
0 |
|a Colección Problemas nacionales ;
|v v. 1.
|
| 999 |
|
|
|a MARS
|
| 999 |
f |
f |
|s f84f084e-5fc6-3202-a4e6-59f57648207e
|i bca8ac3d-cfbb-3da6-834c-f84973f0670f
|t 0
|
| 952 |
f |
f |
|p ric
|a Texas A&M University
|b Rellis Campus
|c Joint Library Facility
|d Remote Storage
|t 0
|e HD9424.U8 B38
|h Library of Congress classification
|i unmediated -- volume
|m A14810906051
|
| 998 |
f |
f |
|a HD9424.U8 B38
|t 0
|l Remote Storage
|